| 000 | 01105cam a2200253 4500 | ||
|---|---|---|---|
| 001 | ABS67222 | ||
| 008 | 031125n2003 000 0 eng u | ||
| 035 | _a(Sirsi) u124470 | ||
| 100 | _aKindred, B. | ||
| 245 | _aSection 55 appeals | ||
| 260 | _c2003 | ||
| 490 |
_aContext _v(81) September 2003, 12(1) |
||
| 520 | _aLooks at section 55 where, within 28 days of receiving a demand for payment, an owner may make representaions to the SoS claiming some or all of the works were unnecessary, that the arrangements have gone on too long, that the amount specified was unreasonable or the recovery of it would cause hardship. Gives a table of possible outcomes of appeals and a timetable of their progress. | ||
| 590 | _aABS | ||
| 650 | _aURGENT WORKS NOTICES | ||
| 650 | _aSECTION 55 APPEALS | ||
| 650 | _aHISTORIC BUILDINGS | ||
| 650 | _aDISREPAIR | ||
| 650 | _aLISTED BUILDINGS | ||
| 650 | _aPLANNING (LISTED BUILDINGS AND CONSERVATION AREAS) ACT 1990 | ||
| 650 | _aREPAIR NOTICES | ||
| 690 | _aBUILT ENVIRONMENT-BUILDING MAINTENANCE AND REFURBISHMENT-BUILDING CONSERVATION | ||
| 942 | _n0 | ||
| 999 |
_c73857 _d73857 |
||